000 00667nam a22001697a 4500
999 _c14731
_d14731
008 191121b ||||| |||| 00| 0 eng d
082 _22019
_aUT 1357
_bL62
100 _aLimosnero, Jeanriz H.
_940667
245 _aFactors Affecting Student's Satisfaction of Fast Food Chains in Digos City/
_cJeanriz H. Limosnero, Princess Anne A. Tion and Jenny Lou O. Cuizon
260 _aDigos City
_bUMDC
_cFebruary 2019
300 _a72 pages
_c30cm
650 _a Education
_vTechnical Education
_xUndergraduate Thesis
_940668
700 _aLimosnero, Jeanriz H.
_940669
700 _aTion, Princess Anne A.
_940670
700 _aCuizon, Jenny Lou O.
_940671
942 _2ddc
_cUT